| 000 | 00564nam a2200169 i 4500 | ||
|---|---|---|---|
| 001 | 101966 | ||
| 003 | ES-MaACL | ||
| 005 | 20230906183023.0 | ||
| 007 | t| | ||
| 008 | 051028s1914 sp ||||1| spa d | ||
| 100 | 1 |
_aMéndez y Jiménez, José. _980177 |
|
| 245 | 1 | 4 |
_aLas afecciones oculares en la diabetes sacarina _b: tesis de doctorado / _cpor José Méndez y Jiménez. |
| 260 |
_aMadrid : _b[s.n.], _c1914 ( _fImp. y enc. de Valentín Tordesillas) |
||
| 300 |
_a139 p. ; _c22 cm. |
||
| 650 | 4 |
_aOjos- _xEnfermedades. _9139434 |
|
| 852 |
_aES-MaACL _jT-1411-F-2 |
||
| 999 |
_c101966 _d101966 |
||